| 000 | 01375cam a2200373 a 4500 | ||
|---|---|---|---|
| 999 |
_c15057 _d15057 |
||
| 001 | 15348723 | ||
| 003 | EG-ScBUE | ||
| 005 | 20210130110558.0 | ||
| 008 | 080630s2009 nyua f 000 1 eng d | ||
| 020 | _a0374299099 (pbk. : alk. paper) | ||
| 020 | _a9780374299095(pbk. : alk. paper) | ||
| 035 | _a(OCoLC)233030383 | ||
| 035 | _a(OCoLC)ocn233030383 | ||
| 040 |
_aDLC _beng _erda _cDLC _dBAKER _dYDXCP _dC#P _dBWX _dCDX _dDLC _dEG-ScBUE |
||
| 043 | _an-us-ca | ||
| 082 | 0 | 4 |
_a813.6 _bHAS _222 |
| 100 | 1 |
_aHaskell, John, _d1958- _eauthor. _922821 |
|
| 245 | 1 | 0 |
_aOut of my skin / _cJohn Haskell. |
| 246 | 3 | 4 |
_aOut of my skin ; _ba novel |
| 250 | _aFirst edition. | ||
| 264 | 1 |
_aNew York : _bFarrar, Straus and Giroux, _c2009. |
|
| 300 |
_a211 pages : _billustrations ; _c19 cm |
||
| 336 |
_2rdacontent _atext _btxt |
||
| 337 |
_2rdamedia _aunmediated _bn |
||
| 338 |
_2rdacarrier _avolume _bnc |
||
| 650 | 7 |
_aLookalikes _vFiction. _2BUEsh _922822 |
|
| 650 | 7 |
_aCelebrities _vFiction. _2BUEsh _922823 |
|
| 650 | 7 |
_aIdentity (Psychology) _vFiction. _2BUEsh _922824 |
|
| 651 | 7 |
_aLos Angeles (Calif.) _vFiction. _2BUEsh _922825 |
|
| 653 |
_cApril2011 _bHHUUEENN |
||
| 655 | 0 |
_aPsychological fiction. _vReading book |
|
| 942 |
_2ddc _cBB |
||